Historia de la Revolución Mexicana : 1917-1924 /

Revisión de la vida en México durante los sesenta primeros años del siglo XX. Se narran y definen las acciones económicas, políticas, sociales e intelectuales más influyentes y duraderas del período, y se ubica la Revolución Mexicana en el conjunto de las revoluciones del siglo XX. La obra en su edi...

Ful tanımlama

Kaydedildi:
Detaylı Bibliyografya
Yazar: Matute, Alvaro (autor)
Diğer Yazarlar: Lomelí Vanegas, Leonardo (autor) (autor)
Materyal Türü: Kitap
Dil:İspanyolca
Baskı/Yayın Bilgisi: México : El Colegio de México, 2022, c2022
Konular:
Etiketler: Etiketle
Etiket eklenmemiş, İlk siz ekleyin!

MARC

LEADER 00000nam^a2200000^a^4500
001 000578497
005 20250521000000.0
009 20260310132510.171
020 |a 978-607-462-308-6 
020 |a 978-607-462-305-5 
037 |a Acervo ITESO - Biblioteca 
041 |a ESP 
082 |a 972. 06  |b HIS V. 3 
100 |a Matute, Alvaro  |e (autor) 
240 1 1 |a [Historia de la Revolución Mexicana] 
240 1 1 |a [Historia de la Revolución Mexicana: 1917-1924] 
245 1 0 |a Historia de la Revolución Mexicana :  |b 1917-1924 /  |c A. Matute, L. Lomelí Vanegas. 
264 4 |a México :  |b El Colegio de México,  |c 2022, c2022 
300 |a 607 p. 
336 |a texto  |b txt  |2 rdacontenido 
337 |a sin mediación  |b n  |2 rdamedio 
338 |a volumen  |b nc  |2 rdasoporte 
520 |a Revisión de la vida en México durante los sesenta primeros años del siglo XX. Se narran y definen las acciones económicas, políticas, sociales e intelectuales más influyentes y duraderas del período, y se ubica la Revolución Mexicana en el conjunto de las revoluciones del siglo XX. La obra en su edición original se dividió en ocho periodos (de 1911 a 1960), estudiados en un total de veintitrés volúmenes, aunque los tres correspondientes al período inicial nunca fueron escritos, lo que mismo que el corresponidente al volumen 9. La segunda edición, en realidad una nueva versión de la primera, se organizó en ocho volúmenes no sólo de mayor grosor, sino con perspectivas historiográficas nuevas y resarciendo los contenidos faltantes de la primera edición. 
521 |a FIL 2023 DIA 
649 |a XX 
650 |a México -  |x Historia -  |y Régimen Delahuertista, 1920 
650 |a México -  |x Historia -  |y Régimen Obregonista, 1920-1924 
650 |a México -  |x Historia -  |y Revolución, 1910-1917 -  |x Tema Principal 
650 |a México -  |x Historia -  |y 1910-1946 -  |x Tema Principal 
650 |a México -  |x Historia -  |y Siglo XX 
700 |a Lomelí Vanegas, Leonardo  |e (autor) 
910 |a Fondo General 
920 |a Impresos - Libros 
930 |a Colección General 
905 |a 101 
901 |a 0500403299  |b IT1  |c ACC  |i C184265  |u 20250521 
902 |a https://opac.biblio.iteso.mx/vufind/Record/000578497